|
|
|
|
| LEADER |
00000cas a2200000 a 4500 |
| 001 |
vtls011748173 |
| 003 |
SK-MaSNL |
| 005 |
20260506071315.0 |
| 008 |
180327d20092009xo ur p 1 0eng |
| 022 |
|
|
|a 1338-001X
|
| 040 |
|
|
|a SNK
|b slo
|c SNK
|e AACR2
|
| 041 |
0 |
|
|a eng
|
| 044 |
|
|
|a xo
|c SK
|
| 072 |
|
7 |
|a 796
|x Šport. Hry. Telesné cvičenia
|2 konspekt
|
| 080 |
|
|
|a (048.3)
|2 2011
|
| 080 |
|
|
|a 37.016:796/799
|2 2011
|
| 080 |
|
|
|a 796/799
|2 2011
|
| 080 |
|
|
|a 050
|2 2011
|
| 210 |
0 |
|
|a Acta fac. exerc. corporis univ. Presoviensis
|
| 222 |
|
0 |
|a Acta facultatis exercitationis corporis universitatis Presoviensis
|
| 245 |
0 |
0 |
|a Acta facultatis exercitationis corporis universitatis Presoviensis
|p Supl.
|
| 246 |
1 |
2 |
|a Diagnostics in sport ...
|
| 260 |
|
|
|a Prešov
|b Faculty of Sport, University of Prešov
|c 2009
|
| 300 |
|
|
|a zv.
|b tab.
|c 24 cm
|
| 310 |
|
|
|a Periodicita nie je známa
|
| 362 |
0 |
|
|a Vol. 1, supl. 1 (2009)-[supl. 3 (2009)]
|
| 500 |
|
|
|a Podnázov: 1/2009, Book of abstracts Diagnostics in sport ... , 2/2009 Book of papers Diagnostics in sport ...
|
| 500 |
|
|
|a Súčasťou podnázvu je bežný rok
|
| 500 |
|
|
|a Podnázov v tiráži: 1/2009, Book of abstracts of the 1st International Scientific Conference Diagnostics in Sport ... , 2/2009, Book of Papers of the 1st International Scientific Conference Diagnostics in Sport ...
|
| 504 |
|
|
|a Bibliogr. odkazy
|
| 611 |
2 |
|
|a Diagnostics in sport ... (konferencia)
|9 275961
|
| 650 |
0 |
7 |
|a šport
|2 SNKPH
|9 1042
|
| 650 |
0 |
7 |
|a telesná výchova
|2 SNKPH
|9 708
|
| 650 |
0 |
7 |
|a Physical education
|2 SNKPHeng
|9 265416
|
| 650 |
0 |
7 |
|a šport
|2 SNKPHeng
|9 1042
|
| 655 |
|
7 |
|a abstrakty
|2 SNKPH
|9 22516
|
| 655 |
|
7 |
|a Abstracts
|2 SNKPHeng
|9 275616
|
| 655 |
|
7 |
|a zborníky
|2 SNKPH
|9 70165
|
| 655 |
|
7 |
|a Papers of several authors
|2 SNKPHeng
|9 153738
|
| 710 |
2 |
|
|a Prešovská univerzita v Prešove.
|b Fakulta športu
|4 pbl
|9 177474
|
| 910 |
|
|
|a snk
|
| 958 |
|
|
|a NB
|
| 999 |
|
|
|c 13641
|d 15571
|
| 952 |
|
|
|a SNK
|b SNK
|y PREZ
|7 0
|p 17A1268573
|o snkČSC 3808/A/2009/supl. 1
|i snk2018/7250
|8 0
|z Na dokumente označené ako Vol. 1, 2009, Supl. 1
|0 0
|1 0
|4 0
|d 2018-03-27
|l 0
|r 2026-02-21 21:57:01
|w 2026-02-21
|
| 952 |
|
|
|a SNK
|b SNK
|y PREZ
|7 0
|p 17A1268575
|o snkČSC 3808/A/2009/supl. 2
|i snk2018/7280
|8 0
|z Na dokumente označené ako Vol. 2, 2009, Supl. 2
|0 0
|1 0
|4 0
|d 2018-03-27
|l 0
|r 2026-02-21 21:57:01
|w 2026-02-21
|
| 952 |
|
|
|a SNK
|b SNK
|y PREZ
|7 0
|p 17A1268576
|o snkČSC 3808/A/2009/supl. 1 D1
|i snk2018/7289
|8 0
|z Na dokumente označené ako Vol. 1, 2009, Supl. 1
|0 0
|1 0
|4 0
|d 2018-03-27
|l 0
|r 2026-02-21 21:57:02
|w 2026-02-21
|
| 952 |
|
|
|a SNK
|b SNK
|y PREZ
|7 0
|p 17A1268577
|o snkČSC 3808/A/2009/supl. 2 D1
|i snk2018/7291
|8 0
|z Na dokumente označené ako Vol. 2, 2009, Supl. 2
|0 0
|1 0
|4 0
|d 2018-03-27
|l 0
|r 2026-02-21 21:57:02
|w 2026-02-21
|